000 00459nam a2200169 i 4500
001 97425
003 ES-MaACL
005 20230906182111.0
007 t|
008 050712s1972 sp ||||1| cat d
100 1 _aMarcáo y Dachs, Lluáis.
_9129473
245 1 0 _aBon día, Terra /
_cLluis Marco y Dachs.
250 _a[1ª ed.].
260 _aBarcelona :
_bPáortic,
_c1972.
300 _a150 p. :
_bil. ;
_c20 cm.
852 _aES-MaACL
_jC-48043
_bR.82067
999 _c97425
_d97425